000
00304nam a2200121Ia 4500
008
220204s9999 xx 000 0 und d
082
_a
541.45
_b
AUG.2
100
_a
Augustine, Robert L
245
0
_a
Oxidation. V 2
260
_a
New York
_b
Marcel Dekker
_c
1971
700
_a
Trecker, David J
942
_c
BK
999
_c
26486
_d
26486